Detalles MARC
| 000 -LIDER |
| fixed length control field |
01550nam a2200349 a 4500 |
| 001 - NÚMERO DE CONTROL |
| Identificador de número de control |
000012928 |
| 003 - IDENTIFICACDOR DE NÚMERO DE CONTROL |
| control field |
DO-SdBNP |
| 005 - DATE AND TIME OF LATEST TRANSACTION |
| control field |
20180313095116.0 |
| 007 - CAMPOS FIJOS DE DESCRIPCIÓN FÍSICA |
| fixed length control field |
000012928 |
| 008 - ELEMENTOS DE LONGITUD FIJA |
| fixed length control field |
091118s2005 dr ac 000 0 spa d |
| 020 ## - ISBN |
| International Standard Book Number |
9945110438 |
| 040 ## - FUENTE DE CATALOGACIÓN |
| Agencia que crea de manera original el registro |
BPMSU |
| Idioma de catalogación |
spa |
| Agencia que realiza la transcripción |
BPMSU |
| 092 ## - LOCALLY ASSIGNED DEWEY DECIMAL CALL NUMBER |
| Número de clasificación |
xxxx |
| Número de ítem (Cutter) |
L566 |
| 100 ## - ASIENTO PRINCIPAL -- NOMBRE PERSONAL |
| Nombre personal |
Campusano, Martha |
| 245 00 - MENCIÓN DE TITULO |
| Título |
Lengua y literatura 2 : |
| Subtítulo |
segundo curso primer ciclo educación media / |
| Mención de responsabilidad |
Martha Campusano ; Manuel García-Cartagena |
| 246 ## - VARIACION DEL TÍTULO |
| Título propiamente dicho o título corto |
Educación media |
| 260 ## - PUBLICACIÓN, DISTRIBUCIÓN, ETC. (PIE DE IMPRENTA) |
| Lugar de publicación, distribución, etc |
Santo Domingo : |
| Nombre del editor, distribuidor, etc. |
Santillana, |
| Fecha de publicación, distribución, etc |
2005. |
| 300 ## - DESCRIPCIÓN FÍSICA |
| Extensión |
279 p. : |
| Otros detalles físicos |
il., retrs. ; |
| Dimensiones |
28 cm. |
| 490 1# - MENCIÓN DE SERIES |
| Mención de serie |
Ámbar |
| 500 ## - NOTA GENERAL |
| Nota general |
La biblioteca solamente posee los volumenes 2 |
| 505 0# - NOTA DE CONTENIDO |
| Texto normalizado de contenido |
v. 2 : |
| Información miscelánea |
2do. curso/ 1er. ciclo |
| -- |
unidad 1 -- |
| Título |
Vivir para aprender -- |
| Información miscelánea |
unidad 2 -- |
| Título |
El deber histórico -- |
| Información miscelánea |
unidad 3 -- |
| Título |
Creer para vivir -- |
| Información miscelánea |
unidad 4 -- |
| Título |
Nos hacemos trabajando -- |
| Información miscelánea |
unidad 5 -- |
| Título |
Creer para crear -- |
| Información miscelánea |
unidad 6 -- |
| Título |
El lugar donde vivimos -- |
| Información miscelánea |
unidad 7 -- |
| Título |
Tu vida es tu historia -- |
| Información miscelánea |
unidad 8 -- |
| Título |
¿Vives como piensas? -- |
| Información miscelánea |
unidad 9 -- |
| Título |
El teatro de la vida -- |
| Información miscelánea |
unidad 10 -- |
| Título |
El deber de recordar -- |
| 650 ## - ENCABEZAMIENTO DE MATERIA--TEMÁTICO |
| Término temático o nombre geográfico como elemento de entrada |
GRAMÄTICA |
| Subdivisión temática general |
ENSEÑANZA SECUNDARIA |
| 650 ## - ENCABEZAMIENTO DE MATERIA--TEMÁTICO |
| Término temático o nombre geográfico como elemento de entrada |
EDUCACIÓN SECUNDARIA |
| Subdivisión temática general |
REPÚBLICA DOMINICANA |
| 650 ## - ENCABEZAMIENTO DE MATERIA--TEMÁTICO |
| Término temático o nombre geográfico como elemento de entrada |
GRAMÁTICA |
| Subdivisión temática general |
LIBROS DE TEXTO |
| 650 ## - ENCABEZAMIENTO DE MATERIA--TEMÁTICO |
| Término temático o nombre geográfico como elemento de entrada |
GRAMÁTICA |
| Subdivisión temática general |
ESTUDIOS Y EJERCICIOS |
| 700 1# - ASIENTO SECUNDARIO -- NOMBRE PERSONAL |
| Nombre personal |
García Cartagena, Manuel |
| 830 #0 - ASIENTO SECUNDARIO DE SERIE--TÍTULO UNIFORME |
| Título uniforme |
Ámbar |
| 942 ## - ADDED ENTRY ELEMENTS (KOHA) |
| Source of classification or shelving scheme |
Dewey Decimal Classification |
| Koha item type |
Libros |
| 945 ## - INFORMACIÓN DE PROCESAMIENTO LOCAL |
| Información de procesamiento local |
Remanejado para la BNPHU / 2018 BT |
| 956 ## - LOCAL ELECTRONIC LOCATION AND ACCESS (OCLC) |
| Nombre de host |
daysi garcia |
| Número de acceso |
10 |
| Información de compresión |
20150805 |
| Inicio de sesión |
BND01 |
| Procesador de solicitud |
1303 |
| 956 ## - LOCAL ELECTRONIC LOCATION AND ACCESS (OCLC) |
| Nombre de host |
VMATEO |
| Número de acceso |
10 |
| Información de compresión |
20150813 |
| Inicio de sesión |
BPMSU |
| Procesador de solicitud |
00151 |